000 00398cam a2200169ua 4500
041 _aeng
_h
082 _a539.7
_bYAK/AT
100 _aYakub, Syed .
245 _aAtomic physics /
_cSyed Yakub.
_hTextual Documents
260 _aChennai :
_bS.Viswanathan ,
_c1961.
300 _a126 ; .
504 _a
700 1 _aManikkam, .
942 _cBK
999 _c9297
_d9297